Tratado de arbitraje en Chile: arbitraje interno e internacional

I tiakina i:
Ngā taipitopito rārangi puna kōrero
Kaituhi matua: Vásquez Palma, María Fernanda (Author)
Hōputu: Pukapuka
Reo:Pāniora
I whakaputaina: Santiago Legal Publishing 2018
Putanga:1a. ed
Ngā marau:
Ngā Tūtohu: Tāpirihia he Tūtohu
Kāore He Tūtohu, Me noho koe te mea tuatahi ki te tūtohu i tēnei pūkete!

MARC

LEADER 00000cam a2200000 a 4500
001 UCC3421
003 CL-VaPUC
008 180511e20180000cl |||||||||||||||||spa|d
020 |a 9789563469422 
082 0 4 |a 341.522  |b VAS  |2 21 
100 0 |a Vásquez Palma, María Fernanda  |e author  |9 597401 
245 1 0 |a Tratado de arbitraje en Chile: arbitraje interno e internacional 
250 |a 1a. ed 
300 |a 983 p 
942 |c BK 
945 |d 20180511 10:48:00  |a dcastane 
260 |a Santiago  |b Legal Publishing  |c 2018 
650 7 |a CONCILIACION  |2 CL-VaPUC  |9 341638 
650 0 |a Arbitraje  |9 328491 
650 0 |a Relaciones Internacionales  |9 255740 
650 7 |a COMERCIO INTERNACIONAL  |2 CL-VaPUC  |9 597402 
583 |a last modification  |c 20180715 12:12:04  |k Rodrigo Vera 
999 |c 371126  |d 371124 
952 |0 0  |1 0  |3 erb  |4 0  |6 341_522000000000000_VAS_2018  |7 0  |8 A  |9 488014  |a BIBDER  |b BIBDER  |i 5469309  |l 1  |m 3  |o 341.522 VAS 2018  |p 5469309  |q 2025-12-31  |r 2022-09-23  |s 2022-09-23  |w 2019-11-24  |y BK  |z Catalogado en:20180511  |k DER